Logo BPK

Biblioteka

Politechniki Koszalińskiej

Lorna Doone / (Rekord nr 48289)

Szczegóły MARC
000 -ETYKIETA REKORDU
podpole kontrolne o stałej długości 00685nam a2200229 i 4500
001 - NUMER KONTROLNY REKORDU
pole kontrolne bgj
020 ## - MIĘDZYNARODOWY ZNORMALIZOWANY NUMER KSIĄŻKI - ISBN
ISBN 1853260762 (pbk)
040 ## - ŹRÓDŁO KATALOGOWANIA
Instytucja, która utworzyła rekord BPK
041 0# - KOD JĘZYKA
Kod języka tekstu eng
920 ## - Międzynarodowy znormalizowany numer książki – ISBN
ISBN ISBN1-85326-076-2 (pbk)
008 - POLE O STAŁEJ DŁUGOŚCI - DANE KONTROLNE
podpole kontrolne o stałej długości s uk f |000 0 eng
100 1# - NAZWA OSOBOWA
Nazwa osobowa BLACKMORE, Richard Doddridge
Daty związane z nazwą (1825-1900).
245 #0 - TYTUŁ/ODPOWIEDZIALNOŚĆ
Tytuł Lorna Doone /
Pozostałe elementy strefy tytułu i oznaczenia odpowiedzialności R. D. Blackmore.
260 ## - STREFA ADRESU WYDAWNICZEGO
Miejsce wydania Ware :
Nazwa wydawcy/dystrybutora Wordsworth Classic,
Data publikacji, dystrybucji/powstania dokumentu 1993=
Nazwa wydawcy/dystrybutora Wordsworth Editions Limited
Miejsce produkcji (St Ives :
Nazwa producenta Clays Ltd).
300 ## - STREFA OPISU FIZYCZNEGO
Objętość 440 pp ;
Rozmiary 18 cm.
650 #9 - HASŁO PRZEDMIOTOWE W FORMIE NAZWY OGÓLNEJ LUB JEDNOSTKOWEJ
Nazwa ogólna lub geograficzna English historical novel
650 #9 - HASŁO PRZEDMIOTOWE W FORMIE NAZWY OGÓLNEJ LUB JEDNOSTKOWEJ
Nazwa ogólna lub geograficzna Monmouth's Rebelion, 1865
Określnik ogólny Fiction
650 #9 - HASŁO PRZEDMIOTOWE W FORMIE NAZWY OGÓLNEJ LUB JEDNOSTKOWEJ
Nazwa ogólna lub geograficzna Historical fiction
650 #9 - HASŁO PRZEDMIOTOWE W FORMIE NAZWY OGÓLNEJ LUB JEDNOSTKOWEJ
Nazwa ogólna lub geograficzna War stories
650 #9 - HASŁO PRZEDMIOTOWE W FORMIE NAZWY OGÓLNEJ LUB JEDNOSTKOWEJ
Nazwa ogólna lub geograficzna Love stories
942 ## - DODATKOWE ELEMENTY (KOHA)
Typ dokumentu Książka
Egzemplarze
Wycofany Status egzemplarza Uszkodzony Dostępność Lokalizacja stała Lokalizacja bieżąca Miejsce przechowywania Sygnatura Kod kreskowy Typ dokumentu
      Dostępny Biblioteka Politechniki Koszalińskiej Biblioteka Politechniki Koszalińskiej Wypożyczalnia Językowa KA 5526 09086852 Książka
© 2023 Biblioteka Politechniki Koszalińskiej :: KOHA